00330 2200145 4500001002100000005001500021035002000036245003400056100001800090300001200108260003000120082000800150084001400158990001200172INLIS00000000000193820250522083503 a0010-05250002301 aSang Pemimpi /cAndrea Hirata0 aAndrea Hirata a288 hlm aJakarta :bBintang,c2008 a813 a813 AND s a0713458